00656nam a2200205Ia 4500008004100000020001800041050001400059100002200073245001800095245006000113260001700173260002800190260000900218300001400227300002200241300001000263440005500273999001900328952010300347180207s9999 xx 000 0 und d a9789712715068 bB441 2004 aBellen, Christine aRosamistica / cby Christine S. Bellen ; illustrated by Liza A. Flores. aPasig City : bAnvil Publishing, Inc., c2004 aunpaged : bchiefly colored ; c23cm. aAng mga kuwento ni Lola Basyang ni Severino Reyes. c355805d355805 001040aSSISMbSSISMd2018-02-07l0oER B441 2004pSSISM5350r2018-02-07 00:00:00w2018-02-07yBK